100 Acteurs francophones (en Images) - Statistiques

Statistiques générales
  • Ce quiz a été pris 968 fois
  • Le résultat moyen est 51 sur 100
Statistiques - réponses
Par images Réponse % Correct
Gerard Depardieu
97%
Omar Sy
92%
Dany Boon
89%
Louis De Funès
89%
Jean Dujardin
88%
Jean Reno
88%
Pierre Niney
88%
Jamel Debbouze
87%
Alain Chabat
85%
Christian Clavier
84%
Kad Merad
84%
Frank Dubosc
82%
Gerard Darmon
82%
Gérard Jugnot
81%
Jonathan Cohen
81%
Vincent Cassel
81%
Thierry Lhermitte
80%
Timothée Chalamet
79%
Eric Judor
78%
Bourvil
76%
François Civil
75%
Guillaume Canet
75%
Alain Delon
74%
Gilles Lellouche
74%
Philippe Lacheau
74%
Didier Bourdon
73%
Jean-Paul Belmondo
73%
François Damiens
71%
José Garcia
71%
Michel Blanc
71%
Ramzy Bedia
70%
Jean-Paul Rouve
68%
Benoit Poelvoorde
66%
François Cluzet
64%
Pascal Legitimus
60%
Romain Duris
60%
Daniel Auteuil
58%
Edouard Baer
57%
Frank Gastambide
57%
Fabrice Luchini
56%
Pierre Richard
56%
Alexandre Astier
54%
Jacques Villeret
54%
Tarek Boudali
54%
Clovis Cornillac
53%
Bernard Campan
51%
Fred Testot
51%
Lambert Wilson
50%
Laurent Lafitte
50%
Vincent Lacoste
50%
Gaspard Ulliel
49%
Claude Brasseur
48%
Jean-Pierre Bacri
48%
Jean Gabin
47%
Vincent Lindon
47%
Mathieu Kassovitz
44%
Lino Ventura
43%
Raphael Quenard
43%
Nicolas Bedos
42%
Benoit Magimel
41%
Louis Garrel
40%
Pio Marmaï
40%
Pierre Arditi
39%
Alex Lutz
38%
André Dussolier
38%
François Berléand
38%
Albert Dupontel
37%
Yves Montand
37%
Bernard Blier
35%
Yvan Attal
35%
Francis Huster
34%
Roschdy Zem
32%
Tomer Sisley
32%
Guillaume Gallienne
31%
Guy Marchand
31%
Tahar Rahim
31%
Jean-Pierre Daroussin
30%
Patrick Dewaere
30%
Niels Schneider
29%
Vincent Elbaz
28%
Olivier Marchal
27%
Julien Arruti
26%
Olivier Baroux
25%
Reda Kateb
25%
Antoine Duléry
24%
Denis Podalydes
23%
Xavier Dolan
22%
William Lebghil
21%
Benjamin Lavernhe
20%
Stéphane De Groodt
20%
Eric Elmosnino
19%
Karim Leklou
16%
Melvil Poupaud
16%
Vincent Macaigne
16%
Alban Lenoir
15%
Bouli Lanners
11%
Denis Ménochet
10%
Gregory Gadebois
7%
Pierre Deladonchamps
7%
Finnegan Oldfield
6%
Aucun quiz correspondant
Distribution des résultats
% des personnes avec chaque résultat
Percentile par nombre de réponses
Votre historique - résultats
Vous n’avez pas pris ce quiz